Ιστορίες και παραμύθια απ' όλον τον κόσμο
Αποθηκεύτηκε σε:
| Άλλοι συγγραφείς: | |
|---|---|
| Μορφή: | Βιβλίο |
| Γλώσσα: | Greek |
| Δημοσίευση: |
Αθήνα :
Μίνωας,
[1960]
|
| Θέματα: | |
| Ετικέτες: |
Προσθήκη ετικέτας
Δεν υπάρχουν, Καταχωρήστε ετικέτα πρώτοι!
|
MARC
| LEADER | 00000cam a2200000 i 4500 | ||
|---|---|---|---|
| 001 | 1/50553 | ||
| 008 | 040309s1960 gre d | ||
| 035 | |l 10072602 | ||
| 040 | |a GR-MY-UA |b gre |e aacr | ||
| 041 | 0 | |a gre | |
| 082 | 0 | |a 398.2 | |
| 245 | 1 | 0 | |a Ιστορίες και παραμύθια απ' όλον τον κόσμο / |c επιλογή-μετάφραση Γεωργίας Δεληγιάννη-Αναστασιάδη |
| 260 | |a Αθήνα : |b Μίνωας, |c [1960] | ||
| 300 | |a 142 σ. | ||
| 650 | 0 | 0 | |a Fairy tales. |
| 700 | 1 | |a Δεληγιάννη-Αναστασιάδη, Γεωργία. |4 trl | |
| 852 | |a INST |b RHODES |c AKA |e 20040309 |h 398.2 ΙΣΤ |p 005400019507 |q 005400019507 |t BK |y 0 | ||
| 901 | |a BIBL4-2004-1 | ||
| 909 | |a Ρ |b 105250 | ||
| 970 | |a ΚΟΥΛΑΚΙΟΤΗ |b ΛΙΤΣΑ |z 2004/03/09 | ||